书目信息 |
| 题名: |
朱生豪传
|
|
| 作者: | 吴洁敏 , 朱宏达 著 | |
| 分册: | ||
| 出版信息: | 上海 上海外语教育出版社 1990.01 |
|
| 页数: | 316页 | |
| 开本: | 21cm | |
| 丛书名: | ||
| 单 册: | ||
| 中图分类: | K , K825.6 | |
| 科图分类: | ||
| 主题词: | 人物--传记--中国 | |
| 电子资源: | ||
| ISBN: | 7-81009-526-9 | |
| 000 | 00685nam0 2200229 45 | |
| 001 | 0358947066 | |
| 005 | 2003062616222706 | |
| 010 | @a7-81009-526-9@dRMB 19.00 | |
| 100 | @a20030626d1990 km y0chiy0120 ea | |
| 101 | 0 | @achi |
| 102 | @aCN@b310000 | |
| 200 | 1 | @a朱生豪传@Azhu sheng hao chuan@eBIOFRAPHY OF ZHU SHENG-HAO@f吴洁敏,朱宏达著@FWu Jie Min,Zhu Hong Da Zhu |
| 210 | @a上海@c上海外语教育出版社@d1990.01 | |
| 215 | @a316页@d21cm | |
| 517 | @aBIOFRAPHY OF ZHU SHENG-HAO@A | |
| 606 | 0 | @a人物@x传记@x中国 |
| 690 | @aK@v4 | |
| 690 | @aK825.6@v3 | |
| 701 | 0 | @a吴洁敏@AWu Jie Min@4著 |
| 701 | 0 | @a朱宏达@AZhu Hong Da@4著 |
| 801 | 0 | @aCN@bPFT@c20030626 |
| 905 | @a@dK825.6@eW804 | |
| 朱生豪传:BIOFRAPHY OF ZHU SHENG-HAO/吴洁敏,朱宏达著.-上海:上海外语教育出版社,1990.01 |
| 316页;21cm |
| ISBN 7-81009-526-9:RMB 19.00 |
| ● |
| 相关链接 |
|
|
|
正题名:朱生豪传
索取号:K825.6/W804
 
预约/预借
| 序号 | 登录号 | 条形码 | 馆藏地/架位号 | 状态 | 备注 |
| 1 | 370820 | 203708201 | 社科库309/309社科库 52排5列4层/ [索取号:K825.6/W804] | 在馆 | |
| 2 | 370821 | 203708210 | 社科库309/309社科库 52排5列4层/ [索取号:K825.6/W804] | 在馆 |